alg: 39472602
001A    $01999:12-11-16 
001B    $01999:03-08-21 $t21:00:32.000 
001D    $01999:12-11-16 
001U    $0utf8 
001X    $00 
002@    $0Aox 
003@    $0394726022 
007A    $0394726022 $aHEB 
007T    $0Herd60572 
010@    $ager 
011@    $a2002 
021A    $aBullenwinkel bei Kolberg in Hinterpommern. - Hamburg : Jancke. -  2001 [Rezension] 
028A    $aHerms $dArno 
031A    $d88 $h2368-2369, Abb. $j2002 
039B    $aIn $8--Abvc--Vereinigung Ehemaliger Schüler des Dom- und Real-Gymnasiums zu Kolberg (Ostseebad), Pommern [Tb1]. Mitteilungen der Vereinigung Ehemaliger Schüler des Dom- und Real-Gymnasiums zu Kolberg, Ostseebad, Pommern. - Hamburg : [Verlag nicht ermittelbar], 1970-2020 $x200200000880000632 $9054887488 
039T    $8--Aau--. Bullenwinkel bei Kolberg in Hinterpommern. - Hamburg : Jancke, 2001. - 172 S.. - Ill., Kt. - ISBN 3-927996-26-2 $9102627886 
045F    $a900.943816 $eDDC23BSB 
045F/01 $a900 
045F/03 $g43816 
045T    $a7,41 $a8,1 

lok: 39472602 78

exp: 39472602 78 1 #EPN
201B/01 $018-11-16 $t12:31:49.000 
201U/01 $0utf8 
203@/01 $0791024628 
208@/01 $a12-11-16 $be 
209A/01 $a/ $f000 $x00 
220C/01 $aTitelaufnehmer: jk 
244Z/01 $2Trx $#Pomeranija $#Pommern $#Pomoransko $#Pomořansko $#Hinterpommern;Vorpommern;Mittelpommern $#Pomorze Środkowe;Pomorze Przednie $#Pomořansko;Západní Pomořany; Pomořany $8--Trx--Pomorze Zachodnie $x01 $9391303775 
244Z/01 $2Trx $#arvustused $#recenzijos $#Reviews $#recenziók $#recenzje $#recenzie $#recenze $8--Trx--Rezensionen $x02 $9391357441 
247C/01 $82080>Marburg/Lahn, Herder-Institut, Forschungsbibliothek, Bibliographieportal $9336309341
LEADER 00000caa a22000002c 4500
001 394726022
003 DE-603
005 20210803210032.0
007 tu
008 161112s2002 xx |||| | u00||u|ger c
035 |a (DE-599)HEB394726022 
040 |a DE-603  |b ger  |c DE-603  |d DE-603 
041 |a ger 
082 0 4 |8 1\u  |a 900.943816  |q DE-101  |2 23/BSB 
084 |a 7,41  |a 8,1  |2 ssgn 
085 |8 1\u  |b 900 
085 |8 1\u  |z 2  |s 43816 
100 1 |a Herms, Arno 
245 0 0 |a Bullenwinkel bei Kolberg in Hinterpommern. - Hamburg : Jancke. - 2001 [Rezension] 
264 0 |c 2002 
773 0 8 |i In  |a Vereinigung Ehemaliger Schüler des Dom- und Real-Gymnasiums zu Kolberg (Ostseebad), Pommern  |t Mitteilungen der Vereinigung Ehemaliger Schüler des Dom- und Real-Gymnasiums zu Kolberg, Ostseebad, Pommern  |d Hamburg : [Verlag nicht ermittelbar], 1970-2020  |h 30 cm  |g Band 88 (2002), Seite 2368-2369, Abb.  |w (DE-603)054887488  |w (DE-600)1361441-1 
787 0 8 |i Rezension von  |t Bullenwinkel bei Kolberg in Hinterpommern  |d Hamburg : Jancke, 2001  |h 172 S., Ill., Kt  |z 3927996262  |w (DE-603)102627886 
924 0 |9 2080  |a (DE-603)791024628  |b DE-2080  |c HES  |d d  |g /